Normal view MARC view
  • पटवडकर दी

Entry Personal Name

Number of records used in: 1

001 - CONTROL NUMBER

  • control field: 216739

003 - CONTROL NUMBER IDENTIFIER

  • control field: OSt

005 - DATE AND TIME OF LATEST TRANSACTION

  • control field: 20260213155240.0

008 - FIXED-LENGTH DATA ELEMENTS

  • fixed length control field: 260213|| aca||aabn | a|a d

040 ## - CATALOGING SOURCE

  • Original cataloging agency: OSt
  • Transcribing agency: OSt

100 ## - HEADING--PERSONAL NAME

  • Personal name: पटवडकर दी

670 ## - SOURCE DATA FOUND

  • Source citation: Work cat.: (OSt)370210: पटवडकर दी. , स्वातंत्र्यलढा चर्च आणि मिशनरी, 2022